[Event "ENCI Limburg-open C"]
[Site "Maastricht"]
[Date "2011.06.11"]
[Round "3"]
[White "Van der Werff, Silvia"]
[Black "Ulburghs, Piet"]
[Result "1/2-1/2"]
[WhiteElo "1416"]
[BlackElo "1697"]
[PlyCount "169"]
[EventDate "2011.06.10"]
[EventType "swiss"]
[EventRounds "7"]
[EventCountry "NED"]
[Source "P.Boonen"]
[SourceDate "2012.01.01"]

1. e4 c5 2. Nf3 e6 3. d4 cxd4 4. Nxd4 a6 5. Nc3 Bb4 6. Be3 Qc7 7. Qd2 Nf6 8. f3
b5 9. g4 Bb7 10. g5 Nh5 11. Be2 e5 12. Nb3 O-O 13. O-O-O d6 14. Rhg1 Nd7 15. h4
Rac8 16. f4 Nxf4 17. Bxf4 exf4 18. Qxf4 Ne5 19. h5 Bxc3 20. bxc3 Qxc3 21. Qd2
Bxe4 22. Qxc3 Rxc3 23. Rd2 Rfc8 24. Na1 d5 25. Bd1 Bf3 26. Kb1 Bxd1 27. Rgxd1
Re8 28. Rxd5 Ng4 29. Rd8 Rce3 30. Rxe8+ Rxe8 31. Rd6 Ra8 32. Nb3 f6 33. Rd4 Ne5
34. gxf6 gxf6 35. Rd6 Ng4 36. Nc5 a5 37. Nd7 Kf7 38. Nb6 Re8 39. Rd7+ Re7 40.
Rd5 Re5 41. Rd7+ Kg8 42. Rd5 Rxd5 43. Nxd5 Kg7 44. Nc7 b4 45. Kb2 Kh6 46. a3
bxa3+ 47. Kxa3 Ne5 48. Nd5 Kg5 49. Ka4 Nc4 50. Kb5 Na3+ 51. Kxa5 Nxc2 52. Kb5
f5 53. Kc4 Kxh5 54. Kd3 Ne1+ 55. Ke2 Ng2 56. Kf3 Nh4+ 57. Kf4 Kg6 58. Ne7+ Kf6
59. Nd5+ Ke6 60. Ne3 h6 61. Nf1 Ng6+ 62. Kf3 Ke5 63. Ng3 Nh4+ 64. Kf2 f4 65.
Nh5 Kf5 66. Ng7+ Kg4 67. Ne6 f3 68. Nd4 h5 69. Nc2 Kf4 70. Ne3 Ke4 71. Nf1 Kf4
72. Ne3 Ng6 73. Nd5+ Ke5 74. Ne3 Ke4 75. Nf1 Ne5 76. Ng3+ Kf4 77. Nxh5+ Kg5 78.
Ng3 Kg4 79. Nf1 Nd3+ 80. Ke3 f2 81. Kxd3 Kf3 82. Nd2+ Kg2 83. Ke3 Kg1 84. Kf3
f1=Q+ 85. Nxf1 1/2-1/2

[Event "ENCI Limburg-open C"]
[Site "Maastricht"]
[Date "2011.06.11"]
[Round "3"]
[White "Veelenturf, Wim"]
[Black "Van Ginneken, Maikel"]
[Result "1/2-1/2"]
[WhiteElo "1697"]
[BlackElo "1337"]
[PlyCount "61"]
[EventDate "2011.06.10"]
[EventType "swiss"]
[EventRounds "7"]
[EventCountry "NED"]
[Source "P.Boonen"]
[SourceDate "2012.01.01"]

1. e4 e5 2. f4 Nf6 3. Nc3 Bb4 4. d3 d6 5. Nf3 Nc6 6. Be2 Bc5 7. Na4 Bb4+ 8. c3
Ba5 9. b4 Bb6 10. Nxb6 axb6 11. O-O O-O 12. fxe5 dxe5 13. Bg5 Be6 14. b5 Ne7
15. Bxf6 gxf6 16. Nh4 Ng6 17. Nf5 Bxa2 18. Qd2 Be6 19. Rxa8 Qxa8 20. Qh6 Bxf5
21. exf5 Nf4 22. Bf3 Qd8 23. Be4 Ne2+ 24. Kh1 Nxc3 25. Re1 Qd4 26. h3 Qf2 27.
Ra1 Ne2 28. Qxf6 Ng3+ 29. Kh2 Nf1+ 30. Rxf1 Qxf1 31. Qg5+ 1/2-1/2

[Event "ENCI Limburg-open C"]
[Site "Maastricht"]
[Date "2011.06.11"]
[Round "3"]
[White "Wagemakers, Rick"]
[Black "Weerts, Rene"]
[Result "1-0"]
[WhiteElo "1606"]
[BlackElo "1651"]
[PlyCount "71"]
[EventDate "2011.06.10"]
[EventType "swiss"]
[EventRounds "7"]
[EventCountry "NED"]
[Source "P.Boonen"]
[SourceDate "2012.01.01"]

1. c4 g6 2. g3 Bg7 3. Bg2 c6 4. Nc3 Na6 5. e3 d6 6. Nge2 Bd7 7. O-O Qc8 8. Re1
h5 9. h4 Nh6 10. d4 Bg4 11. f3 Bh3 12. Nf4 Bxg2 13. Kxg2 Nf5 14. Nce2 e5 15.
Nh3 Qe6 16. d5 Qd7 17. e4 Nd4 18. Be3 Nxf3 19. Rf1 Nd4 20. Nxd4 exd4 21. Bxd4
Bxd4 22. Qxd4 O-O-O 23. Ng5 c5 24. Qf6 Rde8 25. Qxf7 Qg4 26. Qf3 Qd7 27. Ne6
Nc7 28. Ng5 Rhf8 29. Qxf8 Rxf8 30. Rxf8+ Ne8 31. Raf1 a6 32. b3 Kb8 33. Ne6 Ka7
34. R1f7 Qc8 35. Re7 Kb6 36. Rfxe8 1-0

[Event "ENCI Limburg-open C"]
[Site "Maastricht"]
[Date "2011.06.11"]
[Round "3"]
[White "Wuijts, Johan"]
[Black "Lennartz, Ludwig"]
[Result "1-0"]
[WhiteElo "1693"]
[BlackElo "1626"]
[PlyCount "77"]
[EventDate "2011.06.10"]
[EventType "swiss"]
[EventRounds "7"]
[EventCountry "NED"]
[Source "P.Boonen"]
[SourceDate "2012.01.01"]

1. e4 c5 2. Nc3 d6 3. f4 g6 4. Bc4 Bg7 5. Nf3 Nc6 6. O-O Nf6 7. h3 O-O 8. d3 a6
9. a4 Rb8 10. Qe1 e6 11. Qh4 Nh5 12. Qf2 Nd4 13. Be3 e5 14. fxe5 dxe5 15. a5
Be6 16. Nd5 f5 17. Ng5 fxe4 18. Nxe6 Rxf2 19. Nxd8 Rxf1+ 20. Rxf1 Rxd8 21. Nf6+
Kh8 22. Nxe4 Nxc2 23. Bxc5 Nf4 24. Nd6 Rxd6 25. Bxd6 Ne3 26. Rf2 Nf5 27. Bc5
Bh6 28. Bb6 Ng3 29. Rxf4 Bxf4 30. Bd5 Ne2+ 31. Kf2 Nc1 32. Bxb7 Nxd3+ 33. Ke2
Nxb2 34. Bxa6 Na4 35. Bc7 Nc3+ 36. Kf1 Nd5 37. Bd8 Be3 38. Bc4 Bb6 39. Bxb6 1-0

[Event "ENCI Limburg-open C"]
[Site "Maastricht"]
[Date "2011.06.12"]
[Round "4"]
[White "Bauchmueller, Franz Josef"]
[Black "Elisen, Peter"]
[Result "0-1"]
[WhiteElo "1587"]
[BlackElo "1500"]
[PlyCount "88"]
[EventDate "2011.06.10"]
[EventType "swiss"]
[EventRounds "7"]
[EventCountry "NED"]
[Source "P.Boonen"]
[SourceDate "2012.01.01"]

1. e4 c6 2. d4 d5 3. e5 Bf5 4. Bd3 Bxd3 5. Qxd3 e6 6. Ne2 Nd7 7. O-O c5 8. c3
Qc7 9. a3 Ne7 10. b4 b6 11. Nd2 Ng6 12. Qh3 Ne7 13. f4 g6 14. Bb2 c4 15. Ng3
Nf5 16. Rae1 Be7 17. Nxf5 gxf5 18. Qh6 O-O-O 19. Re3 Rdg8 20. Rff3 Bf8 21. Qh5
Rg6 22. Rg3 Be7 23. Qd1 Qd8 24. Qa4 Kb8 25. Rh3 Nf8 26. Rhf3 h5 27. Qc6 h4 28.
a4 Rhg8 29. Rf2 Rg4 30. a5 bxa5 31. bxa5 Qxa5 32. Re1 Qc7 33. Qa4 Ng6 34. h3
Rxf4 35. Rxf4 Nxf4 36. Kh1 Rxg2 37. Rb1 Ka8 38. Bc1 Rg8 39. Kh2 Nd3 40. Ba3
Bxa3 41. Qxa3 f6 42. Ra1 fxe5 43. Nf3 exd4+ 44. Kh1 Nf2# 0-1

[Event "ENCI Limburg-open C"]
[Site "Maastricht"]
[Date "2011.06.12"]
[Round "4"]
[White "Beissel, Daniel"]
[Black "Vossen, Martijn"]
[Result "0-1"]
[WhiteElo "1586"]
[BlackElo "1564"]
[PlyCount "40"]
[EventDate "2011.06.10"]
[EventType "swiss"]
[EventRounds "7"]
[EventCountry "NED"]
[Source "P.Boonen"]
[SourceDate "2012.01.01"]

1. d4 d6 2. c4 Nf6 3. Nc3 g6 4. e4 Bg7 5. f4 O-O 6. Nf3 Nfd7 7. e5 c5 8. exd6
exd6 9. Be3 Re8 10. Kf2 Nf6 11. h3 cxd4 12. Nxd4 Ne4+ 13. Nxe4 Rxe4 14. Bd3
Rxd4 15. Bxd4 Bxd4+ 16. Kf3 Qf6 17. Qe2 Bd7 18. Be4 Nc6 19. g4 Bxb2 20. Rab1
Nd4+ 0-1

[Event "ENCI Limburg-open C"]
[Site "Maastricht"]
[Date "2011.06.12"]
[Round "4"]
[White "Boer, Jan"]
[Black "Snoeks, Pieter Jan"]
[Result "0-1"]
[WhiteElo "1729"]
[BlackElo "1530"]
[PlyCount "42"]
[EventDate "2011.06.10"]
[EventType "swiss"]
[EventRounds "7"]
[EventCountry "NED"]
[Source "P.Boonen"]
[SourceDate "2012.01.01"]

1. d4 Nf6 2. c4 g6 3. Nc3 Bg7 4. e4 d6 5. f4 e5 6. d5 O-O 7. fxe5 Ng4 8. e6 h5
9. Be2 Bxc3+ 10. bxc3 Qf6 11. Bxg4 hxg4 12. Bh6 Qh4+ 13. g3 Qxh6 14. Qxg4 fxe6
15. Qe2 exd5 16. cxd5 Na6 17. Nf3 Bg4 18. O-O Qh5 19. Qb2 Bxf3 20. Qxb7 Rab8
21. Qxa6 Rb2 0-1

[Event "ENCI Limburg-open C"]
[Site "Maastricht"]
[Date "2011.06.12"]
[Round "4"]
[White "Bratuszewski, Jorden"]
[Black "Thingstad, Tormod"]
[Result "1-0"]
[WhiteElo "1198"]
[BlackElo "997"]
[PlyCount "49"]
[EventDate "2011.06.10"]
[EventType "swiss"]
[EventRounds "7"]
[EventCountry "NED"]
[Source "P.Boonen"]
[SourceDate "2012.01.01"]

1. d4 d5 2. Nf3 Nf6 3. Bf4 e6 4. e3 Nbd7 5. c4 b6 6. Bd3 Ba6 7. b3 dxc4 8. bxc4
c5 9. O-O Bb7 10. Nc3 a6 11. Rb1 Nh5 12. Bg5 Nhf6 13. Ne5 Be7 14. Nxd7 Nxd7 15.
Bxe7 Qxe7 16. dxc5 Qxc5 17. Be4 Bxe4 18. Nxe4 Qc7 19. Nd6+ Ke7 20. Ne4 Qxc4 21.
Qd6+ Ke8 22. Rfd1 Rd8 23. Rxb6 Qxe4 24. Rb8 Qh4 25. Qxd7+ 1-0

[Event "ENCI Limburg-open C"]
[Site "Maastricht"]
[Date "2011.06.12"]
[Round "4"]
[White "Brookes, Jean Paul"]
[Black "Van Ginneken, Jos"]
[Result "1-0"]
[WhiteElo "1586"]
[BlackElo "1565"]
[PlyCount "71"]
[EventDate "2011.06.10"]
[EventType "swiss"]
[EventRounds "7"]
[EventCountry "NED"]
[Source "P.Boonen"]
[SourceDate "2012.01.01"]

1. e4 e5 2. Nf3 d6 3. Bc4 h6 4. c3 Nd7 5. O-O c6 6. a4 Qc7 7. d3 Be7 8. Qb3 Nc5
9. Bxf7+ Kf8 10. Qc4 Nxd3 11. Bg6 Bf6 12. Qxd3 Be6 13. Nbd2 Ne7 14. Bf5 Qd7 15.
Bxe6 Qxe6 16. Rd1 Rd8 17. Qe2 g5 18. Qc4 d5 19. exd5 cxd5 20. Qc5 b6 21. Qb4
Kf7 22. Re1 Nc6 23. Qb3 Qf5 24. Nf1 g4 25. Ne3 Qe6 26. Nd2 Bg5 27. Qc2 d4 28.
Qf5+ Qxf5 29. Nxf5 dxc3 30. Nc4 Bxc1 31. Raxc1 cxb2 32. Nxb2 Rd2 33. Rxc6 Rxb2
34. Nxh6+ Kg7 35. Nxg4 Re8 36. h3 1-0

[Event "ENCI Limburg-open C"]
[Site "Maastricht"]
[Date "2011.06.12"]
[Round "4"]
[White "Daemen, Jules"]
[Black "Schleicher, Floris"]
[Result "0-1"]
[WhiteElo "1629"]
[BlackElo "1596"]
[PlyCount "64"]
[EventDate "2011.06.10"]
[EventType "swiss"]
[EventRounds "7"]
[EventCountry "NED"]
[Source "P.Boonen"]
[SourceDate "2012.01.01"]

1. Nf3 d5 2. g3 Nf6 3. Bg2 c6 4. d3 Nbd7 5. Nbd2 e6 6. O-O Bd6 7. e4 O-O 8. Re1
Qc7 9. b3 Ne5 10. Bb2 Nxf3+ 11. Nxf3 Be7 12. Qe2 dxe4 13. dxe4 Bd7 14. Rad1 c5
15. Ne5 Be8 16. f4 Nd7 17. Qf3 Nxe5 18. Bxe5 Qb6 19. Qg4 f6 20. Bb2 Rf7 21. f5
e5 22. Bf1 Bb5 23. h4 Bf8 24. Qf3 Rc7 25. Bxb5 Qxb5 26. g4 c4 27. Rd5 Qb6+ 28.
Kg2 cxb3 29. cxb3 Rc2+ 30. Re2 Rac8 31. Qd3 Qc7 32. Kf1 Rxb2 0-1

[Event "ENCI Limburg-open C"]
[Site "Maastricht"]
[Date "2011.06.12"]
[Round "4"]
[White "De Lange, Marieke"]
[Black "Valembois, Pierre"]
[Result "1-0"]
[WhiteElo "1254"]
[BlackElo "1150"]
[PlyCount "81"]
[EventDate "2011.06.10"]
[EventType "swiss"]
[EventRounds "7"]
[EventCountry "NED"]
[Source "P.Boonen"]
[SourceDate "2012.01.01"]

1. e4 d5 2. exd5 Qxd5 3. Nc3 Qa5 4. Nf3 c6 5. a3 Bf5 6. b4 Qc7 7. Bc4 e6 8. Bb2
Nd7 9. d4 Ngf6 10. Qe2 Qf4 11. Rd1 Qh6 12. Bc1 g5 13. Bxg5 Qg6 14. O-O Bxc2 15.
Rd2 Be4 16. Bxf6 Nxf6 17. Nxe4 Nxe4 18. Rdd1 Nc3 19. Qd2 Nxd1 20. Rxd1 Rg8 21.
g3 h5 22. Qe2 Be7 23. Qe5 h4 24. Kf1 b5 25. Ba2 Qg4 26. Rd3 Qh3+ 27. Ke2 f6 28.
Qc7 hxg3 29. Qxc6+ Kf7 30. Ng1 gxh2 31. Nxh3 Rac8 32. Bxe6+ Kg6 33. Qe4+ Kh6
34. Bxc8 Rxc8 35. Rd1 f5 36. Qxe7 Rc2+ 37. Kf3 Rc3+ 38. Kg2 h1=Q+ 39. Rxh1 f4
40. Qf6+ Kh5 41. Qg5# 1-0

[Event "ENCI Limburg-open C"]
[Site "Maastricht"]
[Date "2011.06.12"]
[Round "4"]
[White "De Vries, Robert"]
[Black "Freriks, Oscar"]
[Result "1/2-1/2"]
[WhiteElo "1536"]
[BlackElo "1505"]
[PlyCount "59"]
[EventDate "2011.06.10"]
[EventType "swiss"]
[EventRounds "7"]
[EventCountry "NED"]
[Source "P.Boonen"]
[SourceDate "2012.01.01"]

1. e4 c6 2. Nf3 d5 3. exd5 cxd5 4. d4 Bf5 5. c3 Nc6 6. Bb5 a6 7. Ba4 b5 8. Bb3
e6 9. Bf4 Nf6 10. Nbd2 Be7 11. O-O O-O 12. Ne5 Nxe5 13. Bxe5 Ng4 14. Nf3 Bd6
15. h3 Nxe5 16. Nxe5 Qc7 17. Nf3 Rac8 18. Rc1 Qe7 19. Bc2 Bf4 20. Rb1 Bxc2 21.
Qxc2 b4 22. g3 Bd6 23. Qd3 a5 24. cxb4 axb4 25. Qd2 Qa7 26. b3 Rc3 27. Kg2 Rfc8
28. Rfc1 h6 29. a4 Qa6 30. h4 1/2-1/2

[Event "ENCI Limburg-open C"]
[Site "Maastricht"]
[Date "2011.06.12"]
[Round "4"]
[White "Dijkstra, Hidde"]
[Black "Overtoom, Reinier"]
[Result "0-1"]
[WhiteElo "1505"]
[BlackElo "1668"]
[PlyCount "66"]
[EventDate "2011.06.10"]
[EventType "swiss"]
[EventRounds "7"]
[EventCountry "NED"]
[Source "P.Boonen"]
[SourceDate "2012.01.01"]

1. d4 Nf6 2. c4 c5 3. d5 e6 4. Nc3 exd5 5. cxd5 d6 6. e4 g6 7. f4 Nfd7 8. Nf3
Bg7 9. Bd3 a6 10. a4 O-O 11. O-O b6 12. g4 Qc7 13. f5 Ne5 14. Nxe5 Bxe5 15. Bh6
Re8 16. Qf3 Qe7 17. fxg6 fxg6 18. Bg5 Qf8 19. Qh3 Qg7 20. Rf3 h5 21. Qh4 Bxg4
22. Rff1 Bxc3 23. bxc3 Qxc3 24. Qg3 Nd7 25. Rab1 Ne5 26. Rf6 Qxd3 27. Rxg6+ Kh7
28. Rh6+ Kg7 29. Bf6+ Kxh6 30. Qf4+ Kh7 31. Bxe5 Qxb1+ 32. Kg2 Qc2+ 33. Kg3
Qd3+ 0-1

[Event "ENCI Limburg-open C"]
[Site "Maastricht"]
[Date "2011.06.12"]
[Round "4"]
[White "Disters, Ingrid"]
[Black "Beukema, Christiaan"]
[Result "0-1"]
[WhiteElo "1101"]
[BlackElo "1071"]
[PlyCount "110"]
[EventDate "2011.06.10"]
[EventType "swiss"]
[EventRounds "7"]
[EventCountry "NED"]
[Source "P.Boonen"]
[SourceDate "2012.01.01"]

1. e4 e5 2. Nf3 Nc6 3. Bb5 Nf6 4. Bxc6 bxc6 5. Nc3 Ba6 6. d3 Bc5 7. O-O d5 8.
Re1 d4 9. Ne2 Qd6 10. Ng3 O-O 11. Nf5 Qe6 12. Ng5 Qd7 13. Nf3 Rfe8 14. Bg5 Nh5
15. Bc1 Bb4 16. Bd2 Bd6 17. c3 c5 18. Nxd6 cxd6 19. c4 Bc8 20. Nh4 Nf6 21. Bg5
Qe7 22. Qf3 h6 23. Bxf6 Qxf6 24. Qg3 Qg5 25. Qxg5 hxg5 26. Nf3 g4 27. Nd2 g6
28. g3 f5 29. exf5 Bxf5 30. Ne4 Bxe4 31. Rxe4 Re6 32. Rxg4 a5 33. a4 Rb8 34.
Rb1 Rb3 35. f4 Rxd3 36. f5 Rf6 37. Rxg6+ Rxg6 38. fxg6 Kg7 39. Rf1 Kxg6 40. Rf8
Rb3 41. Rd8 Rxb2 42. Rxd6+ Kf7 43. Rd5 e4 44. Rxc5 Rb4 45. Rxa5 Rxc4 46. Ra7+
Kg6 47. a5 d3 48. Rd7 Ra4 49. Rd5 Ra2 50. Rd6+ Kf5 51. a6 d2 52. a7 e3 53. Kf1
Ra1+ 54. Ke2 Re1+ 55. Kd3 d1=Q+ 0-1

[Event "ENCI Limburg-open C"]
[Site "Maastricht"]
[Date "2011.06.12"]
[Round "4"]
[White "Feltman, Bart"]
[Black "Parren, Ashley"]
[Result "0-1"]
[WhiteElo "1607"]
[BlackElo "1190"]
[PlyCount "38"]
[EventDate "2011.06.10"]
[EventType "swiss"]
[EventRounds "7"]
[EventCountry "NED"]
[Source "P.Boonen"]
[SourceDate "2012.01.01"]

1. e4 e5 2. Nf3 Nc6 3. Bc4 Bc5 4. d3 h6 5. Be3 d6 6. d4 exd4 7. Nxd4 Ne5 8. Bb3
Nf6 9. Nc3 Bb4 10. f3 c5 11. Ba4+ Bd7 12. Bxd7+ Qxd7 13. Nf5 Nc4 14. Qc1 Rg8
15. O-O Nxe3 16. Qxe3 O-O-O 17. Rfd1 Qe6 18. Nb5 c4 19. Qxa7 Bc5+ 0-1

[Event "ENCI Limburg-open C"]
[Site "Maastricht"]
[Date "2011.06.12"]
[Round "4"]
[White "Geene, Joris"]
[Black "Hendrikse, Arnoud"]
[Result "1/2-1/2"]
[WhiteElo "1583"]
[BlackElo "1707"]
[PlyCount "41"]
[EventDate "2011.06.10"]
[EventType "swiss"]
[EventRounds "7"]
[EventCountry "NED"]
[Source "P.Boonen"]
[SourceDate "2012.01.01"]

1. e4 d6 2. d4 Nf6 3. Nc3 g6 4. f4 c6 5. Nf3 b5 6. Bd3 a6 7. O-O Bg7 8. Ne2 Qc7
9. Be3 Nbd7 10. Rc1 Ng4 11. Qd2 c5 12. c3 Nxe3 13. Qxe3 c4 14. Bb1 Nf6 15. h3
Bb7 16. Ng3 Nd7 17. b3 e5 18. f5 O-O-O 19. Rfd1 h5 20. Qe2 Nb6 21. d5 1/2-1/2

[Event "ENCI Limburg-open C"]
[Site "Maastricht"]
[Date "2011.06.12"]
[Round "4"]
[White "Geene, Patrick"]
[Black "Preuter, Carlos"]
[Result "1/2-1/2"]
[WhiteElo "1531"]
[BlackElo "1676"]
[PlyCount "131"]
[EventDate "2011.06.10"]
[EventType "swiss"]
[EventRounds "7"]
[EventCountry "NED"]
[Source "P.Boonen"]
[SourceDate "2012.01.01"]

1. e4 d5 2. exd5 Qxd5 3. Nc3 Qd6 4. Nf3 Nf6 5. Bc4 a6 6. d3 Nc6 7. O-O Bg4 8.
Ne4 Nxe4 9. dxe4 O-O-O 10. Qxd6 exd6 11. Ng5 Ne5 12. Bxf7 h6 13. Be6+ Bxe6 14.
Nxe6 Re8 15. Nxf8 Rhxf8 16. f3 b6 17. b3 Rf7 18. Bb2 Ng6 19. Rad1 Kb7 20. Rfe1
Ne7 21. e5 d5 22. e6 Rf5 23. Bxg7 h5 24. Bb2 c5 25. Kf2 Kc6 26. Re5 d4 27. Rxf5
Nxf5 28. c3 Ne3 29. Rd2 dxc3 30. Bxc3 Rxe6 31. g3 b5 32. f4 b4 33. Be5 Ng4+ 34.
Kf3 Nxe5+ 35. fxe5 Rxe5 36. Re2 Rd5 37. Ke4 a5 38. Rf2 Rd4+ 39. Ke3 Rd5 40. Ke4
Rd1 41. Rc2 Kb5 42. Kf5 Rd4 43. Ke5 h4 44. gxh4 Rxh4 45. Kd5 Rd4+ 46. Ke5 Rd3
47. Ke4 Rh3 48. Kd5 Rc3 49. Re2 c4 50. bxc4+ Rxc4 51. h3 a4 52. Rh2 Rh4 53. Ke5
Kc4 54. Rc2+ Kd3 55. Rh2 Kc3 56. Kf5 a3 57. Kg5 Rd4 58. h4 Rd2 59. Rh3+ Kb2 60.
Rb3+ Kxa2 61. Rxb4 Rb2 62. Rg4 Kb3 63. Rg3+ Kb4 64. Rg4+ Kb5 65. Rg3 a2 66. Ra3
1/2-1/2

[Event "ENCI Limburg-open C"]
[Site "Maastricht"]
[Date "2011.06.12"]
[Round "4"]
[White "Godding, Mick"]
[Black "Uckerman, John"]
[Result "0-1"]
[WhiteElo "1544"]
[BlackElo "1657"]
[PlyCount "58"]
[EventDate "2011.06.10"]
[EventType "swiss"]
[EventRounds "7"]
[EventCountry "NED"]
[Source "P.Boonen"]
[SourceDate "2012.01.01"]

1. e4 d6 2. d4 Nf6 3. Nc3 Nbd7 4. Bc4 e5 5. dxe5 dxe5 6. Nf3 Be7 7. a3 h6 8.
O-O g5 9. Be3 c6 10. h3 Qc7 11. g4 Nf8 12. Nh2 Ng6 13. f3 Nf4 14. Bxf4 gxf4 15.
b4 Bd7 16. Qe2 Rg8 17. Kh1 h5 18. Rg1 hxg4 19. hxg4 Nh7 20. Rg2 Bh4 21. Nf1 Ng5
22. Rh2 Bg3 23. Nxg3 fxg3 24. Rh5 Be6 25. Kg2 Qb6 26. Bxe6 Nxe6 27. Rxe5 Qd4
28. f4 Qxc3 29. Rd1 Qxe5 0-1

[Event "ENCI Limburg-open C"]
[Site "Maastricht"]
[Date "2011.06.12"]
[Round "4"]
[White "Heinen, Dai"]
[Black "Been, Klaas"]
[Result "1/2-1/2"]
[WhiteElo "1501"]
[BlackElo "1738"]
[PlyCount "119"]
[EventDate "2011.06.10"]
[EventType "swiss"]
[EventRounds "7"]
[EventCountry "NED"]
[Source "P.Boonen"]
[SourceDate "2012.01.01"]

1. e4 e5 2. Nf3 Nc6 3. Bb5 a6 4. Ba4 Nf6 5. Bxc6 dxc6 6. Nxe5 Qd4 7. Nf3 Qxe4+
8. Qe2 Qxe2+ 9. Kxe2 Bg4 10. h3 Bh5 11. Re1 O-O-O 12. d3 Nd5 13. a3 Bd6 14.
Nbd2 f6 15. Kf1 g5 16. Nd4 Be5 17. N2f3 Bxf3 18. Nxf3 Bd6 19. Bd2 h5 20. g3 g4
21. hxg4 hxg4 22. Nh4 Ne7 23. Bc3 Rhf8 24. Re6 Nd5 25. Bd2 Kd7 26. Re2 Rh8 27.
Kg2 Nf4+ 28. Bxf4 Rxh4 29. gxh4 Bxf4 30. Re4 Be5 31. d4 Bd6 32. Rxg4 f5 33.
Rg7+ Ke6 34. Kf3 Rh8 35. Rag1 Rxh4 36. c3 Kd5 37. R7g5 Rf4+ 38. Ke3 Kc4 39. f3
c5 40. dxc5 Kxc5 41. Rd1 Be5 42. b3 b5 43. Rd7 Kc6 44. Rf7 Rh4 45. Rgxf5 Bxc3
46. Kd3 Bb2 47. Rf4 Rxf4 48. Rxf4 Bxa3 49. Re4 a5 50. f4 Kd7 51. f5 Be7 52. Re6
a4 53. bxa4 bxa4 54. Ra6 a3 55. f6 Bd6 56. Kd4 Ke6 57. f7 Kxf7 58. Kd5 Ke7 59.
Kc6 Ke6 60. Rxa3 1/2-1/2

[Event "ENCI Limburg-open C"]
[Site "Maastricht"]
[Date "2011.06.12"]
[Round "4"]
[White "Heuts, Guido"]
[Black "Beukema, Jasper"]
[Result "0-1"]
[WhiteElo "1397"]
[BlackElo "1580"]
[PlyCount "38"]
[EventDate "2011.06.10"]
[EventType "swiss"]
[EventRounds "7"]
[EventCountry "NED"]
[Source "P.Boonen"]
[SourceDate "2012.01.01"]

1. d4 d5 2. c4 e6 3. Nc3 Nf6 4. Nf3 c5 5. dxc5 Bxc5 6. cxd5 exd5 7. Nd4 Qb6 8.
e3 O-O 9. a3 Bd7 10. b4 Bxd4 11. exd4 Re8+ 12. Ne2 Nc6 13. Bb2 Ne4 14. h3 Nxb4
15. Qb3 Nd3+ 16. Qxd3 Qxb2 17. Rb1 Bb5 18. Rxb2 Bxd3 19. Nf4 Ng3+ 0-1

[Event "ENCI Limburg-open C"]
[Site "Maastricht"]
[Date "2011.06.12"]
[Round "4"]
[White "Hodzic, Hajrudin"]
[Black "Mollema, Henk"]
[Result "1-0"]
[WhiteElo "1678"]
[BlackElo "1397"]
[PlyCount "107"]
[EventDate "2011.06.10"]
[EventType "swiss"]
[EventRounds "7"]
[EventCountry "NED"]
[Source "P.Boonen"]
[SourceDate "2012.01.01"]

1. d4 d5 2. Nf3 Bf5 3. g3 Nf6 4. Bg2 Nc6 5. c3 e6 6. Bg5 Be7 7. O-O Ne4 8. Bxe7
Qxe7 9. Nbd2 O-O 10. Ne5 Nxe5 11. dxe5 Rad8 12. e3 f6 13. exf6 Qxf6 14. f3 Nc5
15. Nb3 Qe7 16. Nxc5 Qxc5 17. Qd4 Qb5 18. Rf2 c5 19. Qe5 Qd7 20. g4 Bd3 21. Rd1
c4 22. h3 b5 23. a3 a5 24. Kh2 Qd6 25. Qxd6 Rxd6 26. f4 Rb6 27. Kg3 b4 28. axb4
axb4 29. cxb4 Rxb4 30. f5 Rb3 31. Rdd2 Be4 32. Bxe4 dxe4 33. Kf4 Rb4 34. Rd4
exf5 35. gxf5 Rfb8 36. Rxe4 Rf8 37. Rd4 g6 38. e4 Kg7 39. h4 h6 40. Rg2 Rf6 41.
Rc2 gxf5 42. Rdxc4 Rxc4 43. Rxc4 fxe4+ 44. Kxe4 Rb6 45. b4 Rb5 46. Kd3 Kf7 47.
Re4 Kf6 48. Kc4 Rb8 49. b5 Rc8+ 50. Kb4 Kf5 51. Rc4 Rb8 52. Ka5 Ra8+ 53. Kb6
Rb8+ 54. Ka6 1-0

[Event "ENCI Limburg-open C"]
[Site "Maastricht"]
[Date "2011.06.12"]
[Round "4"]
[White "Ingelaere, Arthur"]
[Black "Tamminga, Melle"]
[Result "0-1"]
[WhiteElo "1342"]
[BlackElo "1605"]
[PlyCount "140"]
[EventDate "2011.06.10"]
[EventType "swiss"]
[EventRounds "7"]
[EventCountry "NED"]
[Source "P.Boonen"]
[SourceDate "2012.01.01"]

1. e4 e5 2. Nf3 Nc6 3. d4 exd4 4. Bc4 h6 5. O-O d6 6. Nxd4 Nxd4 7. Qxd4 Ne7 8.
Rd1 Nc6 9. Bb5 Bd7 10. Bxc6 Bxc6 11. e5 Be7 12. Nc3 O-O 13. Bf4 dxe5 14. Qxe5
Bd6 15. Qe3 Re8 16. Qg3 Re6 17. Nd5 Bxf4 18. Nxf4 Rd6 19. Nd3 Rg6 20. Ne5 Rxg3
21. Rxd8+ Rxd8 22. hxg3 Be4 23. c4 Rd2 24. b3 Rb2 25. Nd7 Rb1+ 26. Rxb1 Bxb1
27. Nc5 b6 28. Na6 Bxa2 29. Nxc7 Bxb3 30. Nb5 Bxc4 31. Nxa7 b5 32. Nc6 Kf8 33.
f4 Ke8 34. Kf2 Kd7 35. Ne5+ Kd6 36. Ke3 f6 37. Nxc4+ bxc4 38. Kd4 Ke6 39. g4 h5
40. f5+ Kd6 41. gxh5 c3 42. Kxc3 Ke5 43. g4 Kf4 44. Kd4 Kxg4 45. Ke4 Kxh5 46.
Kf4 Kh4 47. Kf3 Kg5 48. Ke4 Kg4 49. Ke3 Kxf5 50. Kf3 g5 51. Kg3 g4 52. Kg2 Kg5
53. Kg3 f5 54. Kg2 f4 55. Kf2 Kh4 56. Kg2 g3 57. Kg1 Kh3 58. Kh1 g2+ 59. Kg1 f3
60. Kf2 Kh2 61. Kxf3 g1=Q 62. Kf4 Qd4+ 63. Kf5 Kg3 64. Kg5 Qe5+ 65. Kg6 Kg4 66.
Kf7 Kf5 67. Kf8 Kf6 68. Kg8 Qg5+ 69. Kf8 Qg7+ 70. Ke8 Qe7# 0-1

[Event "ENCI Limburg-open C"]
[Site "Maastricht"]
[Date "2011.06.12"]
[Round "4"]
[White "Katoen, Tom"]
[Black "Ingelaere, Floris"]
[Result "1-0"]
[WhiteElo "1330"]
[BlackElo "900"]
[PlyCount "27"]
[EventDate "2011.06.10"]
[EventType "swiss"]
[EventRounds "7"]
[EventCountry "NED"]
[Source "P.Boonen"]
[SourceDate "2012.01.01"]

1. c4 e6 2. Nc3 d5 3. e3 c5 4. Nf3 Nc6 5. d4 Nf6 6. Be2 Bd6 7. O-O O-O 8. b3
Ne4 9. Bb2 e5 10. Nxd5 exd4 11. exd4 cxd4 12. Nxd4 Nxd4 13. Qxd4 Nc5 14. Qxg7#
1-0

[Event "ENCI Limburg-open C"]
[Site "Maastricht"]
[Date "2011.06.12"]
[Round "4"]
[White "Klokgieters, Jeroen"]
[Black "De Coninck, Erik"]
[Result "0-1"]
[WhiteElo "1150"]
[BlackElo "1154"]
[PlyCount "58"]
[EventDate "2011.06.10"]
[EventType "swiss"]
[EventRounds "7"]
[EventCountry "NED"]
[Source "P.Boonen"]
[SourceDate "2012.01.01"]

1. e4 c6 2. d4 d5 3. exd5 cxd5 4. Nf3 Nc6 5. Bf4 Bf5 6. a3 Nf6 7. Nbd2 e6 8.
Be2 Be7 9. O-O O-O 10. c3 a6 11. Ne5 Nxe5 12. Bxe5 b5 13. a4 b4 14. Bxf6 Bxf6
15. Nf3 bxc3 16. bxc3 Qc7 17. Qc1 a5 18. Qd2 Rfc8 19. Rfc1 Qb6 20. c4 dxc4 21.
Rxc4 Rxc4 22. Bxc4 Qb4 23. Qxb4 axb4 24. Bb3 Be4 25. Rd1 Bc6 26. d5 Bxd5 27.
Bxd5 exd5 28. Rxd5 Rxa4 29. Rb5 Ra1+ 0-1

[Event "ENCI Limburg-open C"]
[Site "Maastricht"]
[Date "2011.06.12"]
[Round "4"]
[White "Knof, Henrike"]
[Black "Quintana, Till"]
[Result "1/2-1/2"]
[WhiteElo "1488"]
[BlackElo "1695"]
[PlyCount "36"]
[EventDate "2011.06.10"]
[EventType "swiss"]
[EventRounds "7"]
[EventCountry "NED"]
[Source "P.Boonen"]
[SourceDate "2012.01.01"]

1. e4 e5 2. Nf3 Nc6 3. Bc4 Bc5 4. c3 Nf6 5. d3 h6 6. b4 Bd6 7. O-O O-O 8. Nh4
Be7 9. Ng6 b5 10. Nxe7+ Qxe7 11. Bxb5 Bb7 12. f4 d6 13. f5 a5 14. a4 axb4 15.
Bxc6 Bxc6 16. cxb4 Rfb8 17. Bd2 Qd7 18. a5 d5 1/2-1/2